LEADER 01279nam a2200289 u 4500 001 000000007726 003 CaOOAMICUS 005 20070226105021.0 008 940514s1952 it u000 u ita u 035 $a10202050 040 $aPUL(R)$bita 100 1 $aBozzetti, Giuseppe,$cI.D.C.,$d1878-1956.$0(OLS)http://pul/name/7739 245 10$aChe cosa è la filosofia /$cGiuseppe Bozzetti. 260 $aRoma :$bEditrice Studium,$c1952. 300 $a123 p. ;$c17 cm 490 1 $aUniversale studium ;$v11 504 $aBibliografia p. 122. 650 4$aFilosofia teoretica.$0(OLS)http://pul/subject/3060 830 0$aUniversale studium ;$v11.$0(OLS)http://pul/title/5921 850 $aPUL 852 $aPUL$W1$xDP1 Fondo Ciprotti$y59$m1536 E 11$j10937$nBK-PRI$b $qFondi$B10937$CPULBib$Z2$F10937 $81 852 $aPUL$W1$xDP1 Fondo Pastorale$y55$mP18 F 37$j10939$nBK-PRI$b $qFondi$B10939$CPULBib$Z2$F10939 $HPUL58498 $81 852 $aPUL$W1$xDP1 Fondo Cecchetti$y53$m260 L 82$j194717$nBK-PRI$b $qFondi$B10938$CPULBib$Z2$F10938 $81 941 1 $a1 961 $aINV: 1033. fondo Ciprotti 996 $6245$aChe cosa è la filosofia$9(OLS)http://pul/title/11269 996 $6260$aRoma :$bEditrice Studium$9(OLS)http://pul/publisher/48180 LEADER 01491nam a2200325 a 4500 001 000000148936 003 CaOOAMICUS 005 20160129094419.0 008 160129s2015 it u001 u ita r 020 $a978-88-308-1462-2* 032 $aLibriCat 040 $aPUL$bita 082 04$a230 100 1 $aScardilli, Pietro Damiano,$csac.,$d1974-$0(OLS)http://pul/name/70603 245 10$aNella liturgia la manifestazione della Chiesa :$bi nuclei ecclesiologici in Sacrosanctum concilium /$cPietro Damiano Scardilli ; prefazione di Dario Vitali. 260 $aAssisi :$bCittadella,$c2015. 300 $a272 p. ;$c21 cm. 490 1 $aStudi e ricerche. Sezione teologica 504 $aBibliografia : p. [265]-267. 650 4$aLiturgia.$0(OLS)http://pul/subject/2437 700 1 $aVitali, Dario,$csac.,$d1956 -$0(OLS)http://pul/name/40122 830 0$aStudi e ricerche (Cittadella).$pSezione teologica.$0(OLS)http://pul/title/143126 850 $aPUL 852 $aPUL$W1$xSL Religione 3$y85$m230 COLL 11.1.9$j171652$qDDC 21$B173150$CPULBib$Z2$F173150 $H126921 $81 941 1 $a9 996 $6020$a978-88-308-1462-2*$9(OLS)http://pul/number/159490 996 $6082$a230$9(OLS)http://pul/classification/368 996 $6245$aNella liturgia la manifestazione della Chiesa :$bi nuclei ecclesiologici in Sacrosanctum concilium$9(OLS)http://pul/title/187804 996 $6260$aAssisi :$bCittadella$9(OLS)http://pul/publisher/49668 LEADER 01136nam a2200277 a 4500 001 000000150482 003 CaOOAMICUS 005 20160315143439.0 008 160315s1913 it c u000 u lat r 032 $aLibriCat 040 $aPUL$bita 041 0 $aita$alat 100 1 $aAssumma, Cristoforo Maria.$0(OLS)http://pul/name/95810 245 10$aCarmina /$cChristophori M.ae Assumma ; editit Antoninus Assumma ; curavit can. Franciscus Quattrone. 260 $aRhegii Julii :$bEx Typographia Francisci Morello,$c1913. 300 $a43 p. :$britr. ;$c23 cm. 500 $aTesto introduttivo in italiano. 650 04$aUmanesimo$xLatino moderno.$0(OLS)http://pul/subject/43191 700 1 $aQuattrone, Francesco.$0(OLS)http://pul/name/70868 700 1 $aAssumma, Antonino.$0(OLS)http://pul/name/95811 850 $aPUL 852 $aPUL$W1$xDP1 Cons. Gen., Altre Classi 1$y22$m679 G 28$j172997$qStampati$B174989$CPULBib$Z2$F174989 $81 941 1 $a8 996 $6245$aCarmina$9(OLS)http://pul/title/8973 996 $6260$aRhegii Julii :$bEx Typographia Francisci Morello$9(OLS)http://pul/publisher/84757